[Event "AUTO-ADV-1614"]
[Site "http://www.queenalice.com/game.php?id=714918"]
[Date "2010.1.16"]
[Round "1"]
[White "trizzo326"]
[Black "tewald"]
[Result "0-1"]
[WhiteElo "1897"]
[BlackElo "1957"]

1. Nf3 Nf6 2. d3 d5 3. h3 Nc6 4. a3 e5 5. Bg5 Be7 6. Nc3 O-O 7. e4 d4 8. Ne2 h6
9. Bh4 a5 10. Bxf6 Bxf6 11. c3 b5 12. g4 dxc3 13. Nxc3 Na7 14. Nd5 g5 15. Qd2
Nc6 16. Rc1 Nd4 17. Nxd4 exd4 18. Nxc7 Ra7 19. Nd5 Bg7 20. f4 Re8 21. Kd1 Be6
22. Bg2 gxf4 23. Qxf4 Bxd5 24. exd5 Rae7 25. Be4 Re5 26. h4 b4 27. a4 b3 28. Rc4
Qb6 29. Kd2 f6 30. Rhc1 Rd8 31. Rxd4 Kh8 32. Rcc4 Qb8 33. Rc5 Qa7 34. Rdc4 Qa6
35. Rb5 Rf8 36. Qe3 f5 37. gxf5 Qf6 38. Qh3 Rxe4 39. Rxb3 Re5 40. Rc6 Qd8 41.
Rb5 Rexf5 42. Qe3 Qxh4 43. Re6 Rf2+ 44. Kd1 Qxa4+ 45. b3 Qa1+ 46. Qc1 Rf1+ 47.
Re1 Rxe1+ 0-1

[Event "AUTO-ADV-1614"]
[Site "http://www.queenalice.com/game.php?id=714919"]
[Date "2010.1.16"]
[Round "1"]
[White "tewald"]
[Black "trizzo326"]
[Result "0-1"]
[WhiteElo "1971"]
[BlackElo "1883"]

1. e4 e5 2. Nf3 d6 3. d3 Bg4 4. Be2 Bxf3 5. Bxf3 Nd7 6. Nc3 h6 7. O-O Ngf6 8. a3
a6 9. Re1 c6 10. b4 b5 11. a4 a5 12. axb5 axb4 13. Rxa8 Qxa8 14. bxc6 Qxc6 15.
Ne2 Be7 16. Be3 O-O 17. Ng3 Kh7 18. Qd2 Qc3 19. Nf5 Ng8 20. Kf1 Qxd2 21. Bxd2
Rb8 22. Bg4 Ndf6 23. Be2 g6 24. Nxe7 Nxe7 25. Rb1 Nc6 26. c3 b3 27. Bd1 b2 28.
Ke2 d5 29. exd5 Nxd5 30. g3 f5 31. h4 f4 32. c4 Nd4+ 33. Ke1 Nb4 34. Bc3 Nxd3+
35. Kf1 fxg3 36. fxg3 Rf8+ 37. Kg1 Rf2 38. Bxd4 exd4 39. c5 Rf6 40. Bc2 Nxc5 41.
Rxb2 Rd6 42. Bb1 d3 43. Rd2 Kg7 44. Kg2 Kf6 45. g4 Ke5 46. Kf3 Kd4 47. g5 h5 48.
Bxd3 Nxd3 49. Ke2 Re6+ 50. Kd1 Re3 51. Kc2 Ke4 52. Kb1 Rh3 53. Re2+ Kf4 54. Re6
Ne5 0-1

[Event "AUTO-MASTER-1018"]
[Site "http://www.queenalice.com/game.php?id=716824"]
[Date "2010.1.19"]
[Round "1"]
[White "razoman"]
[Black "trizzo326"]
[Result "1-0"]
[WhiteElo "1999"]
[BlackElo "1903"]

1. e4 e5 2. Nf3 Nc6 3. c3 Nf6 4. Bd3 d5 5. Qe2 d4 6. O-O Bg4 7. h3 Bxf3 8. Qxf3
h5 9. Re1 Qd7 10. Na3 Bxa3 11. bxa3 Rh6 12. Qf5 Qe7 13. Bb5 d3 14. Bxd3 a6 15.
Bc2 Rd8 16. d4 Rg6 17. d5 Na5 18. Bd3 Rd6 19. Rb1 Nd7 20. Qxh5 Nc5 21. Bc2 Nc4
22. a4 Nb6 23. Ba3 Rdf6 24. a5 Nc4 25. Bxc5 Qxc5 26. Ba4+ Ke7 27. Re2 Rh6 28.
Qg4 Rd6 29. Qxg7 Rhf6 30. Rxb7 Qxa5 31. Bc6 Rg6 32. Qh8 Rd8 33. Qh4+ Rf6 34. Qg5
Rd6 35. Rb8 Qxc3 36. Qg8 Qc1+ 37. Kh2 Rg6 38. Re8+ Kf6 39. Qh8+ Kg5 40. h4+ Kf4
41. Qh5 Qc3 42. Qf5# 1-0

[Event "AUTO-MASTER-1018"]
[Site "http://www.queenalice.com/game.php?id=716825"]
[Date "2010.1.19"]
[Round "1"]
[White "trizzo326"]
[Black "razoman"]
[Result "1-0"]
[WhiteElo "1891"]
[BlackElo "2011"]

1. e4 c5 2. Nf3 Nc6 3. Nc3 a6 4. d4 cxd4 5. Nxd4 d6 6. Be3 e5 7. Nb3 h6 8. Nd5
Nf6 9. Nxf6+ Qxf6 10. Qf3 Be7 11. Qxf6 Bxf6 12. Bb6 Be6 13. c3 Bd8 14. Be3 O-O
15. Be2 Bc7 16. f4 Na5 17. Nd2 Rad8 18. f5 Bd7 19. g4 b5 20. Rg1 Bc6 21. g5 Nc4
22. Bxc4 bxc4 23. gxh6 d5 24. Rxg7+ Kh8 25. Ke2 d4 26. Bg5 d3+ 27. Kf3 Rb8 28.
Nxc4 Bb5 29. Nd2 Bd8 30. Rg1 Bxg5 31. R1xg5 Rg8 32. f6 Rxg7 33. hxg7+ Kh7 34.
Rh5+ Kg6 35. Rh8 Kxf6 36. g8=Q Rxg8 37. Rxg8 Ke7 38. h4 f6 39. h5 Kf7 40. Rg1
Bc6 41. h6 f5 42. h7 Bxe4+ 43. Nxe4 fxe4+ 44. Kxe4 d2 45. h8=Q d1=Q 46. Rxd1 1-0

[Event "AUTO-MASTER-1018"]
[Site "http://www.queenalice.com/game.php?id=716836"]
[Date "2010.1.19"]
[Round "1"]
[White "somar96"]
[Black "trizzo326"]
[Result "1-0"]
[WhiteElo "2177"]
[BlackElo "1912"]

1. e4 e5 2. Nf3 d6 3. d4 h6 4. dxe5 Bg4 5. exd6 Qxd6 6. Qxd6 Bxd6 7. Be2 Bxf3 8.
Bxf3 Nc6 9. c3 Ne5 10. Be2 Nf6 11. O-O g5 12. Be3 b6 13. Nd2 Neg4 14. Bd4 Be5
15. Bxe5 Nxe5 16. Rfd1 a6 17. g3 b5 18. a4 O-O 19. axb5 a5 20. f4 gxf4 21. gxf4
Ned7 22. e5 Nd5 23. Bf3 Ne3 24. Bxa8 Nxd1 25. Bc6 Nxb2 26. Bxd7 Rd8 27. Ra2 Nd3
28. Bf5 Nxf4 29. c4 Ne2+ 30. Kf2 Nd4 31. Be4 f5 32. exf6 Kf7 33. Ke3 Kxf6 34.
Bd5 Nf5+ 35. Kd3 Re8 36. Ne4+ Ke5 37. Re2 Nd4 38. Re1 Nf3 39. Re3 Kf4 40. Rxf3+
Kxf3 41. Nf6+ 1-0

[Event "AUTO-MASTER-1018"]
[Site "http://www.queenalice.com/game.php?id=716837"]
[Date "2010.1.19"]
[Round "1"]
[White "trizzo326"]
[Black "somar96"]
[Result "1/2-1/2"]
[WhiteElo "1903"]
[BlackElo "2118"]

1. e4 c5 2. Nf3 e6 3. Bc4 a6 4. O-O b5 5. Be2 Nc6 6. d4 cxd4 7. Nxd4 Bb7 8. Nxc6
Bxc6 9. Bd3 d6 10. Be3 Nf6 11. Bg5 Be7 12. Nd2 O-O 13. c4 bxc4 14. Nxc4 Bb5 15.
Qe2 Rc8 16. Bxf6 Bxf6 17. Rad1 Qe7 18. e5 dxe5 19. Nxe5 Bxd3 20. Rxd3 Bxe5 21.
Qxe5 Rc5 22. Qd6 Qxd6 23. Rxd6 a5 24. h3 Rc2 25. Ra6 Rxb2 26. Rxa5 Rc8 27. a4 h6
28. g4 Rcc2 29. Kg2 Ra2 30. Ra8+ Kh7 31. Ra7 Kg6 32. Kg3 e5 33. h4 Rc3+ 34. f3
Rcc2 35. Rg1 f6 36. a5 Ra3 37. Rg2 Rcc3 38. Rf2 e4 39. Re7 Rxf3+ 40. Rxf3 Rxf3+
41. Kg2 Rf4 42. Kg3 Rf3+ 43. Kg2 Ra3 44. Rxe4 Rxa5 45. Kf3 Ra3+ 46. Kf4 Rh3 47.
h5+ Kf7 48. Rb4 Rd3 49. Rb7+ Kf8 50. Ke4 Rd8 51. Kf5 Rd5+ 52. Ke4 Re5+ 53. Kf4
Re7 54. Rb8+ Kf7 55. Kf5 Re5+ 56. Kf4 Re8 57. Rb7+ Re7 58. Rb5 Ra7 59. Kf5 Rc7
60. Rd5 Re7 61. Rd4 Re5+ 62. Kf4 Re7 63. Kf5 g6+ 64. hxg6+ Kg7 65. Rd5 Re5+ 66.
Rxe5 fxe5 67. Kxe5 Kxg6 68. Kf4 Kf6 69. Kg3 Kg5 70. Kh3 Kf4 71. Kh4 Kf3 72. Kh5
Kf4 73. Kxh6 Kxg4 74. Kg6 Kf4 75. Kf6 Ke4 76. Ke6 Kd4 77. Kd6 Kc4 78. Kc6 Kd4
79. Kd6 Kc4 80. Kc6 Kd4 1/2-1/2

[Event "AUTO-MASTER-1018"]
[Site "http://www.queenalice.com/game.php?id=716844"]
[Date "2010.1.19"]
[Round "1"]
[White "trizzo326"]
[Black "Catalin"]
[Result "0-1"]
[WhiteElo "1912"]
[BlackElo "2219"]

1. e4 e5 2. Nf3 Nc6 3. Nc3 Nf6 4. a3 Bc5 5. h3 O-O 6. d3 Bd4 7. Bg5 Bxc3+ 8.
bxc3 d6 9. d4 exd4 10. Nxd4 Re8 11. Bd3 d5 12. Bxf6 Qxf6 13. Qf3 Qxf3 14. gxf3
f5 15. Kd2 fxe4 16. fxe4 Nxd4 17. cxd4 dxe4 18. Bc4+ Be6 19. d5 Rad8 20. Ke3
Bxd5 21. Bxd5+ Rxd5 22. Rab1 b6 23. Rb4 Rc5 24. c4 Ra5 25. Ra1 Rf5 0-1

[Event "AUTO-MASTER-1018"]
[Site "http://www.queenalice.com/game.php?id=716845"]
[Date "2010.1.19"]
[Round "1"]
[White "Catalin"]
[Black "trizzo326"]
[Result "1-0"]
[WhiteElo "2223"]
[BlackElo "1908"]

1. e4 e5 2. Nf3 Nc6 3. Bc4 Bc5 4. d3 Nge7 5. c3 d5 6. exd5 Nxd5 7. Qb3 Nce7 8.
Nxe5 O-O 9. O-O c6 10. Re1 b5 11. Bxd5 Qxd5 12. Qxd5 cxd5 13. a4 b4 14. d4 Bd6
15. Nd3 a5 16. Bf4 Nf5 17. Bxd6 Nxd6 18. cxb4 Bf5 19. Nf4 Be6 20. b5 Nc4 21. b3
Nb6 22. Nxe6 fxe6 23. Rxe6 Rac8 24. Na3 Rf6 25. Rxf6 gxf6 26. Rb1 Rc3 27. Kf1
Kf7 28. Ke2 h5 29. Kd2 Rc8 30. Nc2 f5 31. Rg1 Kf6 32. f4 Re8 33. Re1 Ra8 34. Re5
h4 35. Ne3 1-0

[Event "AUTO-MASTER-1028"]
[Site "http://www.queenalice.com/game.php?id=722286"]
[Date "2010.1.29"]
[Round "1"]
[White "trizzo326"]
[Black "Artking"]
[Result "1-0"]
[WhiteElo "1907"]
[BlackElo "1984"]

1. e4 c5 2. Bc4 Nc6 3. Nf3 a6 4. d4 cxd4 5. Nxd4 Ne5 6. Bd3 Nxd3+ 7. Qxd3 d6 8.
Nc3 Nf6 9. Bg5 e6 10. O-O-O Bd7 11. Rhe1 Rc8 12. e5 dxe5 13. Rxe5 h6 14. Bh4 g5
15. Bg3 b5 16. Ne4 Nd5 17. Nd2 Bg7 18. Re2 Nb4 19. Qb3 a5 20. Be5 f6 21. Nf5
Rxc2+ 22. Kb1 fxe5 23. Nxg7+ Kf7 24. Nf5 Bc6 25. Ne3 Rxd2 26. Rexd2 Be4+ 27. Ka1
Qc8 28. Rd7+ Kf6 29. Ng4+ Kg6 30. Qxe6+ 1-0

[Event "AUTO-MASTER-1028"]
[Site "http://www.queenalice.com/game.php?id=722287"]
[Date "2010.1.29"]
[Round "1"]
[White "Artking"]
[Black "trizzo326"]
[Result "1-0"]
[WhiteElo "1965"]
[BlackElo "1926"]

1. e4 e5 2. Nf3 Nc6 3. Bb5 Bd6 4. c3 a6 5. Ba4 Nf6 6. d3 h6 7. Nbd2 b5 8. Bb3
Ne7 9. a4 b4 10. Nc4 Nc6 11. Nxd6+ cxd6 12. O-O a5 13. Nh4 Ne7 14. f4 Qb6+ 15.
Kh1 Ba6 16. fxe5 dxe5 17. Qe2 bxc3 18. Bd5 Rc8 19. bxc3 Rxc3 20. Be3 Bxd3 21.
Qxd3 Rxd3 22. Bxb6 Nexd5 23. exd5 Nxd5 24. Bc5 Nf4 25. Rab1 Ne6 26. Rb8+ Nd8 27.
Bb6 Ke7 28. Nf5+ Kf6 29. Bxd8+ Kg6 30. h4 d5 31. Rb6+ f6 32. Rb7 Rh7 33. g4 h5
34. gxh5+ Kxh5 35. Nxg7+ Kg4 36. Bxf6 e4 37. Be5 Rxh4+ 38. Kg1 Rf3 39. Rf7 Rxf1+
40. Rxf1 Kh3 41. Kf2 e3+ 42. Kf3 1-0

[Event "AUTO-MASTER-1028"]
[Site "http://www.queenalice.com/game.php?id=722288"]
[Date "2010.1.29"]
[Round "1"]
[White "trizzo326"]
[Black "CSilva"]
[Result "0-1"]
[WhiteElo "1905"]
[BlackElo "1912"]

1. Nc3 d5 2. d4 c6 3. Nf3 e6 4. a3 Nf6 5. Bg5 Be7 6. Bxf6 Bxf6 7. e3 O-O 8. h4
h5 9. Bd3 Nd7 10. Ne2 e5 11. dxe5 Nxe5 12. Nxe5 Bxe5 13. c3 Qf6 14. f4 Bc7 15.
Qd2 Bg4 16. Ng3 Rfe8 17. Qf2 Bxf4 18. Nf5 Bxf5 19. Qxf4 Bxd3 20. Qxf6 gxf6 21.
Kd2 Be4 22. Rh3 Re6 23. Rf1 Rae8 24. Rf2 c5 25. Rf4 Kh7 26. Rf2 c4 27. Re2 f5
28. g3 b5 29. Rhh2 Bd3 30. Re1 Rg6 31. Rg2 a5 32. Ra1 Rb8 33. Ra2 b4 34. axb4
axb4 35. Ra7 Kg7 36. Rd7 bxc3+ 37. Kxc3 Be4 38. Rf2 Rb3+ 39. Kd4 Rd3+ 40. Kc5
Rxe3 41. Rxd5 Bxd5 42. Kxd5 c3 43. bxc3 Rxc3 44. Rxf5 Rcxg3 45. Rxh5 Rh6 0-1

[Event "AUTO-MASTER-1028"]
[Site "http://www.queenalice.com/game.php?id=722289"]
[Date "2010.1.29"]
[Round "1"]
[White "CSilva"]
[Black "trizzo326"]
[Result "1-0"]
[WhiteElo "1928"]
[BlackElo "1889"]

1. e4 e5 2. Nf3 d6 3. d4 Bg4 4. dxe5 Bxf3 5. Qxf3 dxe5 6. Bc4 Qf6 7. Qb3 b6 8.
Nd2 Bc5 9. O-O Ne7 10. Nf3 Nec6 11. Bg5 Qg6 12. Rad1 O-O 13. Bd5 h6 14. Be3 Bd6
15. Nh4 Qf6 16. Nf5 Na5 17. Qd3 c6 18. Bxc6 Nbxc6 19. Qxd6 Qxd6 20. Rxd6 Rac8
21. b4 Nxb4 22. Ne7+ Kh8 23. Nxc8 Rxc8 24. Bd2 Rxc2 25. Bxb4 Nc4 26. Rd8+ Kh7
27. a3 a5 28. Be7 Re2 29. f3 Ne3 30. Rb1 Rxg2+ 31. Kh1 Rf2 32. Rb8 Rxf3 33.
R8xb6 Rf4 34. Ra6 Rxe4 35. Rxa5 Ng4 36. Rab5 Re2 37. a4 Rxh2+ 38. Kg1 Ra2 39. a5
e4 40. Bd8 e3 41. Re1 e2 42. Rb4 Rd2 43. Rxg4 Rxd8 44. Rxe2 Ra8 45. Ra2 Ra6 46.
Rb4 Rg6+ 47. Rg2 Ra6 48. Rb5 g5 49. Ra2 1-0

[Event "AUTO-MASTER-1028"]
[Site "http://www.queenalice.com/game.php?id=722290"]
[Date "2010.1.29"]
[Round "1"]
[White "trizzo326"]
[Black "milo_krokodil4e"]
[Result "0-1"]
[WhiteElo "1874"]
[BlackElo "2151"]

1. e4 e5 2. Nf3 Nc6 3. Bc4 Nf6 4. Nc3 Nxe4 5. Qe2 Nxc3 6. dxc3 d6 7. Ng5 d5 8.
Bb3 h6 9. Nf3 e4 10. Nd4 Nxd4 11. cxd4 Be7 12. O-O O-O 13. Be3 b6 14. f3 Bf5 15.
g4 exf3 16. Qxf3 Be4 17. Qh3 c5 18. c4 cxd4 19. Bf4 Bc5 20. Bg3 d3+ 21. Bf2 d4
22. Rae1 Re8 23. Ba4 Re6 24. Bg3 Bb4 25. Qh5 Bg6 26. Rxe6 Bxh5 27. Re8+ Qxe8 28.
Bxe8 Rxe8 29. gxh5 d2 30. a3 Re1 31. Bxe1 dxe1=Q 32. Rxe1 Bxe1 33. Kf1 Bh4 34.
Ke2 a5 35. Kd3 Be7 36. a4 g5 37. hxg6 fxg6 38. b3 Bc5 0-1

[Event "AUTO-MASTER-1028"]
[Site "http://www.queenalice.com/game.php?id=722291"]
[Date "2010.1.29"]
[Round "1"]
[White "milo_krokodil4e"]
[Black "trizzo326"]
[Result "0-1"]
[WhiteElo "2186"]
[BlackElo "1875"]

1. e4 e5 2. d4 exd4 3. c3 dxc3 4. Bc4 Nc6 5. Nxc3 Bb4 6. Nf3 Bxc3+ 7. bxc3 Qf6
8. Qc2 h6 9. O-O d6 10. Bd5 Nge7 11. Be3 Bg4 12. Nd4 Qg6 13. c4 Nxd4 14. Bxd4
Bh3 15. f4 Bd7 16. f5 Qg5 17. f6 Nxd5 0-1

[Event "AUTO-MASTER-1078"]
[Site "http://www.queenalice.com/game.php?id=751670"]
[Date "2010.3.26"]
[Round "1"]
[White "the_knife"]
[Black "trizzo326"]
[Result "1-0"]
[WhiteElo "2187"]
[BlackElo "1881"]

1. d4 d5 2. Nc3 Bf5 3. f3 Nc6 4. e4 dxe4 5. fxe4 Bg6 6. Bb5 a6 7. Bxc6+ bxc6 8.
Nf3 f6 9. O-O e6 10. Qe2 Bd6 11. Be3 Ne7 12. a3 e5 13. dxe5 fxe5 14. Ng5 Qd7 15.
Qc4 Ng8 16. Nf7 Bxf7 17. Rxf7 Ne7 18. Raf1 Rg8 19. Rxe7+ 1-0

[Event "AUTO-MASTER-1078"]
[Site "http://www.queenalice.com/game.php?id=751671"]
[Date "2010.3.26"]
[Round "1"]
[White "trizzo326"]
[Black "the_knife"]
[Result "0-1"]
[WhiteElo "1877"]
[BlackElo "2190"]

1. e4 Nf6 2. Nc3 d5 3. d4 dxe4 4. Bc4 Bf5 5. Bf4 e6 6. Be5 Bd6 7. Nge2 Nbd7 8.
Bg3 O-O 9. Bh4 Be7 10. h3 Nb6 11. Bb3 Nbd5 12. g4 Bg6 13. Qd2 c6 14. Bxd5 exd5
15. a3 Re8 16. O-O-O b5 17. Na2 a5 18. Qe3 Rc8 19. Nac3 b4 20. axb4 axb4 21. Na4
Qa5 22. b3 Nd7 23. Bxe7 Rxe7 24. Nc5 Nxc5 25. dxc5 Rd8 26. f4 f6 27. f5 d4 28.
Rxd4 Qa1+ 29. Kd2 Rxd4+ 30. Nxd4 Qxh1 31. fxg6 hxg6 32. Nxc6 Rd7+ 33. Nd4 Qa1
0-1

[Event "AUTO-MASTER-1078"]
[Site "http://www.queenalice.com/game.php?id=751684"]
[Date "2010.3.26"]
[Round "1"]
[White "jrafaelcc"]
[Black "trizzo326"]
[Result "1-0"]
[WhiteElo "2027"]
[BlackElo "1892"]

1. e4 e5 2. Nf3 Bd6 3. Bc4 a6 4. d3 h6 5. Nc3 c6 6. d4 exd4 7. Qxd4 Qf6 8. e5
Qe7 9. Qxd6 Qxd6 10. exd6 Nf6 11. O-O b5 12. Re1+ Kf8 13. Bb3 Bb7 14. a4 b4 15.
Ne4 Ne8 16. Bf4 c5 17. Nxc5 Bxf3 18. gxf3 Ra7 19. Re7 Nf6 20. Rxf7+ Ke8 21. Re1+
Kd8 22. Rxg7 Nc6 23. Rg6 Ne8 24. Rg8 Rxg8+ 25. Bxg8 Nf6 26. Bf7 Nd4 27. Kg2 Nf5
28. Be5 Nh4+ 29. Kg3 Nf5+ 30. Kf4 Nxd6 31. Bxd6 b3 32. cxb3 h5 33. Kf5 1-0

[Event "AUTO-MASTER-1078"]
[Site "http://www.queenalice.com/game.php?id=751685"]
[Date "2010.3.26"]
[Round "1"]
[White "trizzo326"]
[Black "jrafaelcc"]
[Result "0-1"]
[WhiteElo "1903"]
[BlackElo "2016"]

1. Nc3 Nf6 2. e4 d6 3. d4 g6 4. d5 Bg7 5. Bb5+ c6 6. dxc6 bxc6 7. Ba4 O-O 8.
Nge2 Bb7 9. O-O Nbd7 10. Ng3 c5 11. Bxd7 Qxd7 12. Nd5 Rfd8 13. h3 Rac8 14. c3 e6
15. Nxf6+ Bxf6 16. Qg4 d5 17. Bg5 Qe7 18. f4 dxe4 19. Rae1 Bxg5 20. fxg5 Rd2 21.
Re2 Rcd8 22. h4 e3 23. Rfe1 Qc7 24. Nf1 Rxe2 25. Qxe2 Qf4 26. g3 Qe4 27. Nxe3
Qh1+ 28. Kf2 Qh2+ 29. Kf1 Qxg3 30. Qf2 Qh3+ 31. Ng2 Rd3 32. Kg1 Rg3 33. Re2
Rxg2+ 0-1

[Event "AUTO-MASTER-1078"]
[Site "http://www.queenalice.com/game.php?id=751692"]
[Date "2010.3.26"]
[Round "1"]
[White "ezekiel4a21"]
[Black "trizzo326"]
[Result "1-0"]
[WhiteElo "2181"]
[BlackElo "1912"]

1. e4 e5 2. Nf3 Nc6 3. Bb5 Qf6 4. O-O Nge7 5. Nc3 a6 6. Be2 Nd4 7. d3 h6 8. Be3
Nxf3+ 9. Bxf3 d6 10. Qe2 g5 11. Rad1 Rg8 12. Bg4 Be6 13. d4 d5 14. exd5 Bxd5 15.
Nxd5 Nxd5 16. dxe5 Qxe5 17. Rxd5 Qe4 18. Rfd1 Bd6 19. Bf5 Qe7 20. c4 Rd8 21. c5
1-0

[Event "AUTO-MASTER-1078"]
[Site "http://www.queenalice.com/game.php?id=751693"]
[Date "2010.3.26"]
[Round "1"]
[White "trizzo326"]
[Black "ezekiel4a21"]
[Result "0-1"]
[WhiteElo "1907"]
[BlackElo "2213"]

1. e4 d6 2. d4 c6 3. Nf3 Nf6 4. Nc3 g6 5. e5 dxe5 6. Nxe5 Bg7 7. Bc4 e6 8. Be3
O-O 9. h4 h6 10. g4 Nd5 11. Bxd5 exd5 12. Qd2 Kh7 13. h5 g5 14. f4 Bxe5 15. fxg5
Bg3+ 16. Bf2 Re8+ 17. Kf1 Bxf2 18. Qxf2 Qe7 19. Rg1 b6 20. a3 Ba6+ 0-1

[Event "AUTO-ADV-1607"]
[Site "http://www.queenalice.com/game.php?id=767998"]
[Date "2010.4.29"]
[Round "2"]
[White "luizpessoa"]
[Black "trizzo326"]
[Result "0-1"]
[WhiteElo "1712"]
[BlackElo "1873"]

1. e4 e5 2. Nf3 d6 3. h3 Nf6 4. Bc4 Nxe4 5. d3 Nc5 6. Ng5 Be6 7. Bxe6 Nxe6 8.
Nxe6 fxe6 9. Be3 Nd7 10. Qd2 Be7 11. Nc3 h6 12. O-O-O d5 13. a3 d4 14. Ne4 dxe3
15. Qxe3 Bg5 16. Nxg5 Qxg5 17. Qxg5 hxg5 18. Rde1 a5 19. d4 b5 20. dxe5 a4 21.
Re3 c5 22. Rd1 b4 23. Rdd3 bxa3 24. Rxa3 Ra5 25. b3 Nb6 26. bxa4 Rxa4 27. Rxa4
Nxa4 28. Ra3 Nb6 29. Ra6 Nc8 30. Rxe6+ Ne7 31. Rb6 O-O 32. f3 Rc8 33. c4 Kf7 34.
e6+ Kf6 35. Kd2 Rc6 36. Rb3 Kxe6 37. Re3+ Kf6 38. g4 Ng6 39. Kc3 Nf4 40. h4 gxh4
41. Re1 g5 42. Kd2 Rd6+ 43. Kc2 Rd4 44. Kc3 Rd3+ 45. Kc2 Rxf3 46. Rd1 Rg3 47.
Rd6+ Ne6 48. Rd1 Rxg4 49. Rf1+ Nf4 50. Kd2 Rg3 51. Rf2 h3 52. Rf1 Kf5 53. Rh1
Kg4 54. Ke1 Rg2 55. Kf1 h2 56. Ke1 Rg1+ 57. Rxg1+ hxg1=Q+ 58. Kd2 Qd4+ 0-1

[Event "AUTO-ADV-1607"]
[Site "http://www.queenalice.com/game.php?id=767999"]
[Date "2010.4.29"]
[Round "2"]
[White "trizzo326"]
[Black "luizpessoa"]
[Result "1-0"]
[WhiteElo "1865"]
[BlackElo "1667"]

1. e4 a6 2. d4 d5 3. e5 Bf5 4. Bd3 Bxd3 5. Qxd3 e6 6. Nf3 Bb4+ 7. c3 Be7 8. O-O
h6 9. Bf4 Bg5 10. Bg3 Nc6 11. h4 Be7 12. Nbd2 Qd7 13. a3 O-O-O 14. b4 f6 15. a4
Na7 16. Rfb1 f5 17. b5 a5 18. b6 cxb6 19. Rxb6 Qc7 20. Rab1 Rd7 21. Rxe6 Nc6 22.
Rg6 Rd8 23. Rxg7 Qd7 24. Qb5 Na7 25. Qxa5 Nc6 26. Qa8+ Nb8 27. e6 Qxe6 28. Qxb7#
1-0

[Event "AUTO-ADV-1607"]
[Site "http://www.queenalice.com/game.php?id=768004"]
[Date "2010.4.29"]
[Round "2"]
[White "Miras"]
[Black "trizzo326"]
[Result "1-0"]
[WhiteElo "2301"]
[BlackElo "1869"]

1. e4 e5 2. Nf3 d6 3. d4 Bg4 4. dxe5 Bxf3 5. Qxf3 dxe5 6. Bc4 Qf6 7. Qb3 b6 8.
Nc3 c6 9. Bg5 Qg6 10. Rd1 Be7 11. Bxe7 Nxe7 12. Bxf7+ Qxf7 13. Rd8+ Kxd8 14.
Qxf7 Rg8 15. O-O a5 16. Rd1+ Nd7 17. Na4 Rb8 18. Qe6 Rb7 19. Nxb6 Ke8 20. Rxd7
Rxd7 21. Nxd7 1-0

[Event "AUTO-ADV-1607"]
[Site "http://www.queenalice.com/game.php?id=768005"]
[Date "2010.4.29"]
[Round "2"]
[White "trizzo326"]
[Black "Miras"]
[Result "0-1"]
[WhiteElo "1867"]
[BlackElo "2302"]

1. Nf3 d5 2. d4 c6 3. Bf4 Bf5 4. Nbd2 e6 5. a3 Bd6 6. Bxd6 Qxd6 7. c4 Nd7 8. c5
Qc7 9. e3 b6 10. b4 Ne7 11. h3 bxc5 12. bxc5 O-O 13. g4 Bg6 14. h4 h5 15. gxh5
Bxh5 16. Be2 e5 17. Ng5 Bxe2 18. Qxe2 Rae8 19. Qg4 exd4 20. Qxd4 Ne5 21. Ke2 Nf5
22. Qf4 Qd7 23. Ndf3 Nc4 24. Nd4 Nxd4+ 25. Qxd4 Ne5 26. Rad1 Qf5 27. Rdg1 f6 28.
Nh3 Qf3+ 29. Kf1 Rb8 30. Rxg7+ Kxg7 0-1